| 000 | 00706nam a22002417a 4500 | ||
|---|---|---|---|
| 005 | 20170124110201.0 | ||
| 010 | _a890749 | ||
| 020 | _c30.00 | ||
| 035 | _a890749 | ||
| 037 | _bCen Lib/Ret | ||
| 040 |
_aDPL _bEN |
||
| 082 |
_a181.41 _bSCH |
||
| 100 |
_aSchultz, M. _936218 |
||
| 245 |
_aThe Hindu philosophy / _cby M. Schultz ; edited by B. M. Chaturvedi |
||
| 260 |
_aNew Delhi _bClassical Publications _c1978 |
||
| 270 |
_aC 4a/30, Janak Puri _bNew Delhi _e110058 |
||
| 300 |
_aviii, 64p. _c21cm(Hb) |
||
| 500 | _aIncludes index | ||
| 650 |
_aPhilosophy _991985 |
||
| 650 |
_aPhilosophy--Hindu _936220 |
||
| 700 |
_aChaturvedi, B. M _936221 |
||
| 942 |
_2ddc _cEN _h181.41 _mSCH |
||
| 999 |
_c132935 _d132935 |
||